000 00493nam a2200181Ia 4500
008 210423s2008 xx 000 0 und d
020 _a978-0-7619-4794-3
041 _aeng
082 _a303.482 SCHU
100 _aSCHIRATO (Tony);WEBB (Jen).
245 _aUnderstanding globalization
260 _aNew Delhi
_bSage Publications
_c2008
300 _av,232
_bPB
365 _b2300.64
_cUSD
650 _aSocial Processes
650 _aSociology
906 _aglobalization. ; Understanding
999 _c165140
_d165140